[Event "SVK-chT2B 0809"]
[Site "Slovakia"]
[Date "2008.12.07"]
[Round "6.4"]
[White "Hoffer, Frantisek"]
[Black "Toth, Stanislav"]
[Result "1-0"]
[WhiteElo "1774"]
[BlackElo "1875"]
[PlyCount "109"]
[EventDate "2008.10.11"]
[EventType "team-tourn"]
[EventRounds "11"]
[EventCountry "SVK"]
[SourceTitle "EXT 2010"]
[Source "ChessBase"]
[SourceDate "2010.11.25"]
[SourceVersion "1"]
[SourceVersionDate "2010.11.25"]
[SourceQuality "1"]
[WhiteTeam "Komarno KSC II"]
[BlackTeam "Nove Zamky Basta II"]
[WhiteTeamCountry "SVK"]
[BlackTeamCountry "SVK"]

1. e4 e5 2. f4 exf4 3. Nf3 d5 4. exd5 Qxd5 5. Nc3 Qd8 6. Bc4 Be7 7. 0-0 Nf6 8. d4 0-0 9. Bxf4 c6 10. a3 b5 11. Bd3 Bb7 12. Kh1 Nbd7 13. Ne5 Nxe5 14. dxe5 Nd5 15. Nxd5 Qxd5 16. Qf3 Qxf3 17. Rxf3 g6 18. Bh6 Rfd8 19. Raf1 Rf8 20. Be4 Rad8 21. Bxf8 Rxf8 22. Rd3 Bc5 23. b4 Bb6 24. c3 a5 25. Rd7 Ba8 26. Bb1 c5 27. bxc5 Bxc5 28. Ba2 Bxa3 29. Rdxf7 Rxf7 30. Rxf7 Kh8 31. Ra7 Be4 32. e6 g5 33. e7 Bc6 34. Ra8+ Kg7 35. e8Q Bxe8 36. Rxe8 Bb2 37. Rb8 Bxc3 38. Rxb5 h6 39. Kg1 g4 40. Be6 a4 41. Bxg4 a3 42. Be6 Kf6 43. Ba2 Bb2 44. Kf1 Kg7 45. Ke2 Kf6 46. Kd3 Kg6 47. Kc2 Bf6 48. Rb6 Kg5 49. Rxf6 Kxf6 50. Kb3 Ke5 51. Kxa3 Kf4 52. Bd5 h5 53. h3 h4 54. Kb3 Ke3 55. Kc3 1-0

[Event "SVK-chT1W 0506"]
[Site "Slovakia"]
[Date "2006.??.??"]
[Round "?"]
[White "Mihalik, Marek"]
[Black "Hoffer, Frantisek"]
[Result "1-0"]
[WhiteElo "2110"]
[BlackElo "1825"]
[PlyCount "73"]
[EventDate "2005.10.15"]
[EventType "team-tourn"]
[EventRounds "11"]
[EventCountry "SVK"]
[SourceTitle "EXT 2008"]
[Source "ChessBase"]
[SourceDate "2007.11.25"]
[SourceVersion "1"]
[SourceVersionDate "2007.11.25"]
[SourceQuality "1"]

1. d4 Nf6 2. c4 g6 3. Nf3 d6 4. Nc3 Bg7 5. e4 Nbd7 6. Be2 c5 7. 0-0 0-0 8. Re1 Re8 9. d5 Nb6 10. h3 e5 11. Bg5 h6 12. Be3 Nh5 13. Qd2 Kh7 14. Nh2 Qf6 15. Ng4 Bxg4 16. hxg4 Nf4 17. g3 Nxe2+ 18. Qxe2 g5 19. Bd2 a6 20. Nd1 Nc8 21. Ne3 Ne7 22. b4 b6 23. Rab1 Reb8 24. Kg2 Qg6 25. Qd3 Bf8 26. a4 f6 27. Rb2 Qe8 28. Qc2 Qc8 29. Reb1 Qc7 30. bxc5 bxc5 31. Rb3 Rxb3 32. Qxb3 Ra7 33. Qb8 Qxb8 34. Rxb8 Kg7 35. Ba5 Kf7 36. Rd8 Rb7 37. Rxd6 1-0

[Event "SVK-chT1W 0506"]
[Site "Slovakia"]
[Date "2005.??.??"]
[Round "?"]
[White "Raczko, Peter"]
[Black "Hoffer, Frantisek"]
[Result "1-0"]
[WhiteElo "2040"]
[BlackElo "1825"]
[PlyCount "107"]
[EventDate "2005.10.15"]
[EventType "team-tourn"]
[EventRounds "11"]
[EventCountry "SVK"]
[SourceTitle "EXT 2008"]
[Source "ChessBase"]
[SourceDate "2007.11.25"]
[SourceVersion "1"]
[SourceVersionDate "2007.11.25"]
[SourceQuality "1"]

1. e4 e5 2. Nf3 Nc6 3. Bc4 Nf6 4. Nc3 Bc5 5. d3 h6 6. 0-0 0-0 7. Be3 d6 8. Bxc5 dxc5 9. Nd5 Bg4 10. Ne3 Bxf3 11. Qxf3 Nd4 12. Qd1 b5 13. Bb3 Nxb3 14. axb3 c6 15. Ra6 Qd7 16. Qa1 Ne8 17. Qe1 Nc7 18. Ra2 Ne6 19. Qc3 f6 20. Rfa1 g6 21. Ra6 Nc7 22. Rxa7 Qd4 23. Rxa8 Rxa8 24. Rxa8+ Nxa8 25. Nd1 b4 26. Qd2 Kg7 27. c3 Qd6 28. Ne3 Nb6 29. Ng4 g5 30. Ne3 Kg6 31. Nf5 Qf8 32. h4 Qd8 33. Qe3 Nd7 34. hxg5 hxg5 35. Qh3 Qf8 36. Ng3 Nb6 37. Qh5+ Kg7 38. Nf5+ Kg8 39. Qg6+ Kh8 40. Qh5+ Kg8 41. Nh6+ Kg7 42. Ng4 Nd7 43. Nh6 Nb6 44. Nf5+ Kg8 45. Qh3 Nc8 46. Nh6+ Kg7 47. Ng4 Kg6 48. Ne3 Qe8 49. Qf5+ Kg7 50. Nc4 Qd8 51. Qe6 Qc7 52. Kf1 Kg6 53. Qg8+ Kh5 54. Qe8+ 1-0

[Event "SVK-chT1W 0102"]
[Site "Slovakia"]
[Date "2002.??.??"]
[Round "7"]
[White "Hoffer, Frantisek"]
[Black "Janko, Michal"]
[Result "1/2-1/2"]
[WhiteElo "1745"]
[BlackElo "1900"]
[PlyCount "31"]
[EventDate "2001.10.??"]
[EventType "team"]
[EventRounds "11"]
[EventCountry "SVK"]
[SourceTitle "EXT 2007"]
[Source "ChessBase"]
[SourceDate "2006.11.23"]
[SourceVersion "1"]
[SourceVersionDate "2006.11.23"]
[SourceQuality "1"]

1. e4 c5 2. Nf3 Nc6 3. d4 cxd4 4. Nxd4 Nf6 5. Nc3 e5 6. Nf5 d5 7. exd5 Bxf5 8. dxc6 bxc6 9. Qf3 Qd7 10. Bd3 Bxd3 11. Qxd3 Qxd3 12. cxd3 Rd8 13. Ke2 Be7 14. Be3 Rd7 15. Rac1 0-0 16. Rhd1 1/2-1/2